01766nam a2200277 i 4500003000900000005001700009006001900026007000300045008004100048020001800089040003000107082001400137245007500151264007300226300002800299336002700327337003300354338002800387490002900415500007500444500003500519504004000554505079700594600003001391830006701421DO-SdBNP20260321073646.0a||||gr|||| 00| 0 ta240513t2023 dr ||||| |||| 00| e spa d a9789945629323 aDO-SdBNPbspacBNPHUerda 4222bV496c aDel Cibao real al Cibao de Bosch:bensayo crítico /cPedro Vergés. 4aSanto Domingo :bBanco Central de la República Dominicana,c©2023 a488 páginas ;c23 cm. atextobtxt2rdacontent asin mediaciónbn2rdamedia avolumenbnc2rdacarrier aArte y Literatura ;v306 aIncluye datos biográficos del autor en las solapas de las cubiertas. aIncluye índice Onomástico. aBibliografía: páginas 459 - 468 aIntroducción.gPrimera Parte.tI. Dos precisiones necesarias.--gSegunda Parte.tI.- Entre el Cibao real y el Cibao de Bosch.-- II. La visión sociocultural. Entre la autonomía y la paráfrasis.-- III. El Cibao de Bosch y los poderes que lo asedian. VI. La visión relúrica.gTercera Parte.tI. El mismo Cibao de los cuentos, ahora en una novela.-- II. Bajo la sombra del cuentista. III. Consideraciones generales derivadas de lo dicho hasta ahora de La Mañosa. gCuarta Parte.tI. Segundo conjunto. Los otros cuentos y la otra novela.-- II. Primero los cuentos.-- III. El Oro y la Paz, la segunda novela, el sexto y último apartado de la clasificación.tConclusiones.--tBibliografía.--tÍndice onomástico.--tColección del Banco Central de la República Dominicana.10a Bosch, Juan, d1909-2001 aBanco Central de la República Dominicana ;lspanvolumen 115